|
|
|
|
| LEADER |
01248nam a2200313 a 4500 |
| 001 |
656263 |
| 008 |
101206r19981995nyua 001 0 eng d |
| 010 |
|
|
|a 94077818
|
| 020 |
|
|
|a 0074634739
|
| 020 |
|
|
|a 0070655065
|
| 040 |
|
|
|a IaIndS
|c IaIndS
|d DLC
|d BD-DhAAL
|
| 082 |
0 |
0 |
|a 004
|2 20
|
| 245 |
1 |
0 |
|a Fundamentals of computing I :
|b logic, problem solving, programs, and computers /
|c Allen B. Tucker ... [et al.].
|
| 250 |
|
|
|a C++ ed.
|
| 260 |
|
|
|a New York ;
|a New Delhi :
|b McGraw-Hill;
|c c1995 [Reprinted 1998].
|
| 300 |
|
|
|a xxii, 494 p. :
|b ill. ;
|c 24 cm.
|
| 490 |
0 |
|
|a McGraw-Hill series in computer science.
|p Fundamentals of computing and programming
|
| 500 |
|
|
|a C++ laboratory manual. xi, 228 p.
|
| 500 |
|
|
|a Includes index.
|
| 541 |
1 |
|
|e 00012034
|
| 650 |
|
0 |
|a Electronic data processing.
|
| 650 |
|
0 |
|a Computers.
|
| 650 |
|
0 |
|a Computer science.
|
| 700 |
1 |
|
|a Tucker, Allen B.
|
| 740 |
0 |
|
|a Fundamentals of computing 1.
|
| 740 |
0 |
|
|a Fundamentals of computing one.
|
| 852 |
4 |
|
|a Ayesha Abed library
|j General Shelf.
|
| 999 |
|
|
|c 10220
|d 10220
|
| 952 |
|
|
|0 0
|1 0
|2 ddc
|4 0
|6 004_000000000000000_FUN
|7 0
|9 13636
|a BRACUL
|b BRACUL
|c GEN
|d 2010-12-15
|l 2
|m 17
|o 004 FUN
|p 3010012034
|r 2023-09-04
|s 2023-07-16
|t 1
|w 2010-12-15
|y BK
|x Price not available in Register
|